| 000 | 00526ntaaa2200181 4500 | ||
|---|---|---|---|
| 003 | 01 | ||
| 005 | 20251027202015.0 | ||
| 008 | 0714s1973 ag 01 | ||
| 040 |
_aAR-BaBN _bspa _cAR-BaBN _eaacr _dRIC |
||
| 082 | _a261.6000 Sc7 | ||
| 100 |
_aScarlett, William _918689 |
||
| 245 | _aChristianity takes a stand; an approach to the issues of today - a symposium. | ||
| 250 |
_a1 ed. : _bPenguin Books, _cc/946 |
||
| 300 | _a128 p. | ||
| 650 |
_aTeologĂa Social _92067 |
||
| 650 |
_aCristianismo-Orden Mundial _918690 |
||
| 942 | _cBK | ||
| 999 |
_c14840 _d14840 |
||